Klenoty na Loire

Bibliographic Details
Main Authors: Uhlířová, Veronika, 1969- (Author), Phil, M. (Author)
Format: Article
Language:Slovak
PhysicalDescription:Fotogr.
ISSN:1335-8316
Subjects:

MARC

LEADER 00000nab a2200000 a 4500
001 vtls000888848
003 SK-MaSNL
005 20260304110235.0
008 250429c2004 xo 0 slo
015 |a SNBRB2004/10-30630 
035 |a CLN000240283 
035 |a urn:nbn:sk:snk-ab9ku3 
035 |a (urnnbn)urn:nbn:sk:snk:ar-a08iit 
035 |a (uuid)db9cbe58-584d-4ac5-8d0d-c9dc1c0170cc 
040 |a SNKBUCL  |b slo  |c SNKBUCL  |e AACR2 
041 0 |a slo 
044 |a xo  |c SK 
080 |a 904(449.98):728.8  |2 1997 
080 |a 728.8(449.98)  |2 1997 
100 1 |a Uhlířová, Veronika,  |d 1969-  |4 aut  |9 1408492 
245 1 0 |a Klenoty na Loire  |c Veronika Uhlířová, M. Phil 
300 |b Fotogr. 
650 0 7 |a zámky  |2 SNKPH  |9 3041 
650 0 7 |a hrady  |2 SNKPH  |9 3039 
651 7 |a Loira (Francúzsko : rieka)  |2 SNKPHgeo  |9 222090 
655 7 |a články z novín a časopisov  |2 SNK  |9 267496 
700 1 |a Phil, M.  |4 aut  |9 468783 
773 0 |t História  |g Roč. 4, č. 9-10 (2004), s. 52-53  |x 1335-8316 
850 |a Slovenská národná knižnica 
852 |a Slovenská národná knižnica 
954 |a odborná, vedecká literatúra pôvodná (slovenská)  |2 lita 
958 |a article13 
958 |a OND 
958 |a FR 
958 |a EUIPO 
992 |a RBX 
999 |c 2859080  |d 2861010